The responsive eye : (Record no. 17238)

MARC details
000 -LEADER
fixed length control field 00724nam a2200277Ia 4500
001 - CONTROL NUMBER
control field AUWbook001364
003 - CONTROL NUMBER IDENTIFIER
control field BDCtgAUW
005 - DATE AND TIME OF LATEST TRANSACTION
control field 20260406155025.0
008 - FIXED-LENGTH DATA ELEMENTS--GENERAL INFORMATION
fixed length control field 220908s9999 xx 000 0 eng d
020 ## - INTERNATIONAL STANDARD BOOK NUMBER
International Standard Book Number 0300101872
040 ## - CATALOGING SOURCE
Original cataloging agency BDCtgAUW
Transcribing agency BDCtgAUW
100 1# - MAIN ENTRY--PERSONAL NAME
Personal name Coe, Ralph T.
245 #0 - TITLE STATEMENT
Title The responsive eye :
Remainder of title ralph t.coe and the collecting of american indian art /
260 ## - PUBLICATION, DISTRIBUTION, ETC.
Place of publication, distribution, etc. New York :
Name of publisher, distributor, etc. Metropolitan Museum of Art,
300 ## - PHYSICAL DESCRIPTION
Extent xi,328 pages.
650 #0 - SUBJECT ADDED ENTRY--TOPICAL TERM
Topical term or geographic name entry element Collectors and Collecting.
650 #0 - SUBJECT ADDED ENTRY--TOPICAL TERM
Topical term or geographic name entry element Exhibition.
650 #0 - SUBJECT ADDED ENTRY--TOPICAL TERM
Topical term or geographic name entry element Indian Art.
650 #0 - SUBJECT ADDED ENTRY--TOPICAL TERM
Topical term or geographic name entry element North America.
651 #0 - SUBJECT ADDED ENTRY--GEOGRAPHIC NAME
Geographic name United States.
887 ## - NON-MARC INFORMATION FIELD
Content of non-MARC field BRAC
Source of data 2982
888 ## -
-- 2982
942 ## - ADDED ENTRY ELEMENTS (KOHA)
Koha item type Books
945 ## - LOCAL PROCESSING INFORMATION (OCLC)
c BK

No items available.